MLB MVP Winners (2000-Present) - Statistics

General Stats
  • This quiz has been taken 187 times
    125 since last reset
  • The average score is 37 of 46
Answer Stats
Hint League Team Answer % Correct
2012 AL DET Miguel Cabrera
93%
2013 AL DET Miguel Cabrera
92%
2014 AL LAA Mike Trout
90%
2017 AL HOU Jose Altuve
89%
2016 AL LAA Mike Trout
89%
2022 AL NYY Aaron Judge
88%
NL PIT Andrew McCutchen
88%
2019 AL LAA Mike Trout
88%
NL PHI Bryce Harper
87%
NL SF Buster Posey
87%
NL MIA Giancarlo Stanton
87%
NL STL Albert Pujols
86%
NL ATL Freddie Freeman
86%
2021 AL LAA Shohei Ohtani
86%
2005 AL NYY Alex Rodriguez
85%
2007 AL NYY Alex Rodriguez
85%
NL SF Barry Bonds
85%
NL SF Barry Bonds
85%
NL SF Barry Bonds
84%
NL SF Barry Bonds
84%
NL MIL Christian Yelich
84%
NL CHC Kris Bryant
84%
2018 AL BOS Mookie Betts
84%
NL STL Albert Pujols
82%
NL STL Albert Pujols
81%
NL LAD Clayton Kershaw
81%
NL STL Paul Goldschmidt
80%
NL WAS Bryce Harper
79%
2009 AL MIN Joe Mauer
78%
NL LAD Cody Bellinger
77%
2010 AL TEX Josh Hamilton
77%
2011 AL DET Justin Verlander
77%
NL PHI Ryan Howard
77%
NL CIN Joey Votto
76%
2015 AL TOR Josh Donaldson
76%
NL MIL Ryan Braun
76%
2020 AL CWS Jose Abreu
75%
2001 AL SEA Ichiro Suzuki
74%
2000 AL OAK Jason Giambi
74%
2008 AL BOS Dustin Pedroia
71%
NL PHI Jimmy Rollins
69%
2003 AL TEX Alex Rodriguez
68%
2006 AL MIN Justin Morneau
64%
2002 AL OAK Miguel Tejada
59%
NL SF Jeff Kent
55%
2004 AL LAA Vladimir Guerrero
49%
No matching quizzes found
Score Distribution
Percent of People with Each Score
Percentile by Number Answered
Your Score History
You have not taken this quiz since the last reset